[Event "CRO U20 1 liga"]
[Site "Cakovec"]
[Date "2020.07.15"]
[Round "3.9"]
[White "Cotic, Borna"]
[Black "Haidinger, Erik"]
[Result "1/2-1/2"]
[WhiteElo "2049"]
[BlackElo "1767"]
[PlyCount "91"]
[EventDate "2020.??.??"]
[WhiteClock "1:30:00"]
[BlackClock "1:30:00"]

{[%evp 0,91,32,39,77,77,98,68,68,57,77,30,52,48,48,48,111,76,119,87,49,32,44,
37,37,12,26,-2,34,33,37,23,27,23,25,-22,-5,-5,-5,-4,13,4,32,7,10,10,70,46,46,
-60,-31,-31,5,-24,-13,-23,-13,-4,45,74,57,32,39,3,39,39,7,3,3,-1,22,10,10,10,
48,147,153,107,37,37,37,37,0,0,0,0,0,0,0,0,0,0,0,0]} 1. e4 c5 2. Nf3 d6 3. Bb5+
Bd7 4. Bxd7+ Qxd7 5. c4 e5 6. d3 Nc6 7. Nc3 g6 8. Nd5 Bg7 9. O-O Nge7 10. Bg5
Nxd5 11. cxd5 Nd4 12. Nxd4 exd4 13. f4 O-O 14. f5 f6 15. Bh4 Rae8 16. b3 b5 17.
Rc1 Bh6 18. Rc2 Be3+ 19. Kh1 g5 20. Bg3 a5 21. Qh5 Rf7 22. h4 Ra8 23. hxg5 Bxg5
24. e5 dxe5 25. Rxc5 h6 26. Qe2 Ra6 27. Qf3 Rd6 28. Rf2 Rf8 29. Rfc2 Rd8 30.
Rc7 Qe8 31. R2c6 R8d7 32. Rc8 Rd8 33. Rxd6 Rxc8 34. Rc6 Qd7 35. Rxc8+ Qxc8 36.
d6 Be3 37. Qd5+ Kg7 38. d7 Qc1+ 39. Kh2 Qg1+ 40. Kh3 Qh1+ 41. Bh2 Bf4 42. Qg8+
Kxg8 43. d8=Q+ Kf7 44. Qd7+ Kf8 45. Qd8+ Kf7 46. Qd7+ 1/2-1/2

[Event "CRO U20 1 liga"]
[Site "Cakovec"]
[Date "2020.07.15"]
[Round "3.10"]
[White "Sundac, Ivano"]
[Black "Simunic, Krunoslav"]
[Result "0-1"]
[WhiteElo "1408"]
[BlackElo "2047"]
[PlyCount "88"]
[EventDate "2020.??.??"]
[WhiteClock "1:30:00"]
[BlackClock "1:30:00"]

{[%evp 0,88,39,8,34,-10,22,5,-16,34,45,-18,-12,-16,-16,-30,-6,-34,-33,-36,-27,
-31,-11,-30,-30,-25,-35,-52,8,0,-1,-1,-1,-5,9,-22,8,0,-25,0,9,-32,-23,-31,-31,
-31,-31,-40,18,-42,-22,-42,-49,-49,-13,-38,-16,-42,-39,-54,-66,-62,-66,-44,-44,
-44,-77,-81,-81,-231,-224,-224,-273,-224,-281,-273,-288,-357,-202,-203,-140,
-179,-325,-427,-515,-895,-596,-919,-919,-919,-919]} 1. d4 d5 2. Bf4 Bf5 3. Nf3
e6 4. e3 Bd6 5. Bg3 Nf6 6. Nbd2 O-O 7. Be2 c5 8. c3 Nc6 9. O-O Bxg3 10. hxg3
Qb6 11. Qb3 c4 12. Qxb6 axb6 13. Nh4 g5 14. Nxf5 exf5 15. b3 b5 16. bxc4 bxc4
17. Rfb1 Rfb8 18. Rb5 Ra3 19. Nb1 Ra5 20. a4 Ne4 21. Bf3 Rba8 22. Rxb7 Rxa4 23.
Rxa4 Rxa4 24. Bxe4 fxe4 25. Rb5 Ra1 26. Kh2 g4 27. Nd2 Ne7 28. Rb7 Kf8 29. Rb8+
Kg7 30. Rb7 Kf6 31. Rb6+ Kf5 32. Rb7 Ke6 33. Rb6+ Kd7 34. Rf6 Rd1 35. Nxc4 dxc4
36. Rxf7 Rc1 37. Rf4 Rxc3 38. Rxg4 Rb3 39. Rxe4 c3 40. Re5 Rb6 41. Ra5 c2 42.
Ra7+ Ke8 43. Ra8+ Kf7 44. Ra1 Rb1 0-1

[Event "CRO U20 1 liga"]
[Site "Cakovec"]
[Date "2020.07.15"]
[Round "3.11"]
[White "Baric, Marko"]
[Black "Tomljanovic, Ivano"]
[Result "0-1"]
[WhiteElo "1831"]
[BlackElo "1393"]
[PlyCount "100"]
[EventDate "2020.??.??"]
[WhiteClock "1:30:00"]
[BlackClock "1:30:00"]

{[%evp 0,100,40,7,40,31,40,-17,83,82,79,75,75,27,75,25,50,53,53,24,36,-11,25,
12,48,11,10,-13,1,-51,-14,-19,3,-15,-40,-40,18,22,35,23,52,48,49,46,52,52,74,
73,87,70,87,32,53,13,69,67,76,70,66,45,31,27,15,-106,-35,-46,-46,-46,-8,-31,
-30,-372,-401,-1008,-489,-672,-472,-472,-472,-487,-367,-426,-369,-394,-394,
-432,-332,-421,-417,-417,-531,-531,-539,-541,-541,-541,-541,-642,-642,-683,
-505,-1568,-1660]} 1. e4 e5 2. Nf3 Nc6 3. Bb5 d6 4. d4 exd4 5. Nxd4 Bd7 6. O-O
Nf6 7. Bxc6 Bxc6 8. Nxc6 bxc6 9. Bg5 Be7 10. Qd4 O-O 11. Nd2 Re8 12. Rfe1 h6
13. Bh4 c5 14. Qa4 Nd7 15. Bxe7 Qxe7 16. Nc4 Nb6 17. Nxb6 cxb6 18. Rad1 Rad8
19. Rd5 Qb7 20. Rxd6 b5 21. Rxd8 Rxd8 22. Qa5 Rd6 23. f3 Qd7 24. Qc3 c4 25. Kf1
Rd4 26. a3 h5 27. Ke2 Rd6 28. b3 cxb3 29. cxb3 Rc6 30. Qd3 Qc7 31. Rd1 Qxh2 32.
Qd8+ Kh7 33. Qg5 Rg6 34. Qf5 Kh6 35. Qxf7 Qxg2+ 36. Ke1 Qh2 37. Qxa7 Rg1+ 38.
Qxg1 Qxg1+ 39. Ke2 Qc5 40. b4 Qa7 41. Rd6+ g6 42. f4 Qe7 43. Rd4 h4 44. Kf3 Qe6
45. e5 Qh3+ 46. Ke4 Qg2+ 47. Ke3 Qg1+ 48. Ke4 h3 49. Rd3 Qb1 50. e6 h2 0-1

[Event "CRO U20 1 liga"]
[Site "Cakovec"]
[Date "2020.07.15"]
[Round "3.13"]
[White "Karlusic, Luka"]
[Black "Karlovcec, David"]
[Result "1-0"]
[WhiteElo "2159"]
[BlackElo "1655"]
[PlyCount "71"]
[EventDate "2020.??.??"]
[WhiteClock "1:30:00"]
[BlackClock "1:30:00"]

{[%evp 0,71,40,18,34,34,98,18,18,18,18,-6,-9,-9,25,0,22,-16,27,-34,-15,-28,-2,
10,42,-39,43,12,22,57,57,46,38,46,46,85,83,85,137,137,202,187,187,194,208,239,
239,223,239,211,202,186,186,182,199,195,211,208,215,186,266,287,287,241,317,
260,260,298,324,275,432,444,481,527]} 1. d4 d5 2. Nc3 Bf5 3. Bf4 Nf6 4. e3 e6
5. f3 Bb4 6. g4 Bg6 7. h4 h5 8. g5 Nfd7 9. Bd3 Bxd3 10. Qxd3 Nc6 11. O-O-O Bd6
12. g6 f6 13. Nh3 Qe7 14. Bxd6 cxd6 15. e4 dxe4 16. fxe4 O-O-O 17. Nf4 Nb6 18.
Qh3 Kb8 19. Qxe6 d5 20. exd5 Nxd5 21. Ncxd5 Qxe6 22. Nxe6 Rxd5 23. Nxg7 Rg8 24.
Ne6 Rd6 25. Nf4 Rxd4 26. Rxd4 Nxd4 27. Kd2 Nf3+ 28. Ke3 Ne5 29. Rg1 Kc8 30. Ke4
Kd7 31. Kf5 Nf3 32. Rd1+ Kc6 33. Ke6 Nxh4 34. Kf7 Rh8 35. g7 Rh7 36. Kf8 1-0

[Event "CRO U20 1 liga"]
[Site "Cakovec"]
[Date "2020.07.15"]
[Round "3.14"]
[White "Vidovic, Dominik"]
[Black "Cigrovski, Jakov"]
[Result "0-1"]
[WhiteElo "1526"]
[BlackElo "2010"]
[PlyCount "50"]
[EventDate "2020.??.??"]
[WhiteClock "1:30:00"]
[BlackClock "1:30:00"]

{[%evp 0,50,40,18,15,-12,51,43,57,55,55,47,47,31,31,27,36,17,75,28,72,81,81,19,
73,55,55,51,45,5,5,-17,42,-32,15,15,1,-71,-26,-98,-46,-50,-81,-77,34,-67,-34,
-129,-129,-329,-367,-559,-530]} 1. d4 Nf6 2. c4 g6 3. Nc3 Bg7 4. e4 d6 5. Nf3
O-O 6. Be3 Ng4 7. Bg5 h6 8. Bh4 c6 9. Qd2 Qc7 10. h3 Nf6 11. g4 e5 12. dxe5
dxe5 13. O-O-O Nbd7 14. g5 hxg5 15. Bxg5 Nh5 16. Bh6 Nf4 17. Bxg7 Kxg7 18. h4
Nf6 19. Be2 b5 20. cxb5 cxb5 21. Kb1 Qc5 22. Bxb5 Rb8 23. Be2 Nxe2 24. Qxe2
Qxc3 25. Rd3 Rxb2+ 0-1

[Event "CRO U20 1 liga"]
[Site "Cakovec"]
[Date "2020.07.15"]
[Round "3.15"]
[White "Mahecic, Lovre"]
[Black "Vuk, Sebastijan"]
[Result "1-0"]
[WhiteElo "1977"]
[BlackElo "1367"]
[PlyCount "73"]
[EventDate "2020.??.??"]
[WhiteClock "1:30:00"]
[BlackClock "1:30:00"]

{[%evp 0,73,18,-19,-12,-16,21,-10,28,31,43,-25,44,35,35,61,81,72,79,60,119,150,
150,101,161,132,133,131,119,103,112,127,389,422,422,422,408,417,431,383,460,
470,480,487,505,476,499,429,432,408,408,423,425,425,414,417,487,425,430,461,
466,450,445,421,526,526,532,541,541,541,554,520,576,581,1139,1141]} 1. c4 Nf6
2. d4 e5 3. dxe5 Ng4 4. Nf3 Nc6 5. Bf4 Bb4+ 6. Nc3 Qe7 7. Qd5 Bxc3+ 8. bxc3 Qa3
9. Rc1 Qxa2 10. h3 Nh6 11. g4 Na5 12. Nd2 Ng8 13. Bg2 Ne7 14. Qc5 Ng6 15. Be3
b6 16. Qxc7 Bb7 17. Bxb7 Nxb7 18. Qxb7 O-O 19. O-O Rfb8 20. Qe4 Qa3 21. Nf3 Qe7
22. Rfd1 h6 23. Qd5 Re8 24. Qxd7 Nxe5 25. Qxe7 Nxf3+ 26. exf3 Rxe7 27. c5 b5
28. Rd6 a6 29. Rcd1 Ree8 30. Ra1 a5 31. Rb6 b4 32. cxb4 axb4 33. Rxa8 Rxa8 34.
Rxb4 Kf8 35. Bf4 Ra1+ 36. Kg2 Rc1 37. Bxc1 1-0

[Event "CRO U20 1 liga"]
[Site "Cakovec"]
[Date "2020.07.15"]
[Round "3.17"]
[White "Levacic, Matej"]
[Black "Tomulic, Teo"]
[Result "0-1"]
[WhiteElo "2040"]
[BlackElo "2359"]
[PlyCount "128"]
[EventDate "2020.??.??"]
[WhiteClock "1:30:00"]
[BlackClock "1:30:00"]

{[%evp 0,128,39,18,18,18,32,-16,-16,-16,26,24,41,1,25,5,11,11,59,39,57,25,38,
11,-22,-22,-29,-29,-2,-2,16,-51,-8,-36,137,138,98,59,76,61,90,106,142,103,141,
131,162,147,147,143,145,154,154,147,184,182,190,278,280,103,178,188,188,46,-6,
-65,-78,-59,-59,-132,-132,-230,-54,-54,-54,-312,-95,-60,-50,-62,17,2,22,22,41,
3,54,47,43,11,11,4,35,18,18,6,38,24,11,0,14,0,0,0,30,-25,-34,-17,-11,-11,0,0,0,
-74,-84,0,0,0,0,-212,-325,-325,-543,-543,-1012,-1012,-1262,-29987,-1252,-29995,
-29996]} 1. d4 Nf6 2. Nf3 e6 3. c4 d5 4. Nc3 c6 5. e3 Nbd7 6. Qc2 Bd6 7. Bd3
dxc4 8. Bxc4 e5 9. O-O O-O 10. Rd1 Qe7 11. h3 e4 12. Ng5 Nb6 13. Bb3 Bf5 14. f3
Rae8 15. fxe4 Bg6 16. Qf2 Bb8 17. e5 Nfd5 18. Nf3 Kh8 19. Nh4 Nxc3 20. bxc3 Be4
21. a4 c5 22. Ba3 Nd7 23. Nf5 Qg5 24. Ng3 Bg6 25. Qf4 Qd8 26. Qf3 Qc7 27. Ne4
Nxe5 28. dxe5 Qxe5 29. Nf2 Qxc3 30. e4 Qe5 31. Bd5 f5 32. Bxc5 fxe4 33. Qxf8+
Rxf8 34. Ng4 Qe8 35. Rf1 Rxf1+ 36. Rxf1 h5 37. Nh6 gxh6 38. Rf8+ Qxf8 39. Bxf8
e3 40. Bxh6 e2 41. Kf2 Bd3 42. Bd2 b5 43. axb5 h4 44. Ke3 Bxb5 45. Bf3 a6 46.
Bc3+ Kh7 47. Bxe2 Bxe2 48. Kxe2 Kg6 49. Kf3 Kf5 50. Be1 Bg3 51. Bc3 Ke6 52. Ke3
Kd5 53. Kd3 Kc5 54. Ba5 Kb5 55. Bd8 Kb4 56. Ke2 a5 57. Bxa5+ Kxa5 58. Kf1 Kb4
59. Kg1 Kc3 60. Kh1 Kd2 61. Kg1 Ke2 62. Kh1 Bd6 63. Kg1 Be5 64. Kh1 Kf2 0-1

[Event "CRO U20 1 liga"]
[Site "Cakovec"]
[Date "2020.07.15"]
[Round "3.18"]
[White "Radenic, Filip"]
[Black "Ljubicic, Mario"]
[Result "1-0"]
[WhiteElo "2134"]
[BlackElo "1966"]
[PlyCount "77"]
[EventDate "2020.??.??"]
[WhiteClock "1:30:00"]
[BlackClock "1:30:00"]

{[%evp 0,77,39,-29,-16,-16,13,11,56,18,29,18,4,4,4,4,30,14,14,-10,7,-11,40,6,
65,-11,45,44,32,33,33,-6,2,-3,74,87,101,66,81,64,112,83,96,15,33,36,107,76,19,
19,94,87,106,40,85,52,85,80,102,134,168,148,153,130,163,151,175,216,204,196,
228,237,244,253,253,209,261,214,305,294]} 1. c4 Nf6 2. Nf3 d6 3. d4 g6 4. g3
Bg7 5. Bg2 O-O 6. O-O Nc6 7. Nc3 e5 8. dxe5 dxe5 9. Bg5 Be6 10. Nd2 Qc8 11. Qa4
Nd7 12. Nd5 Re8 13. Ne4 Bxd5 14. cxd5 Nd4 15. Qd1 h6 16. Bd2 Nb5 17. Rc1 Qd8
18. Nc5 Nd6 19. Qb3 Nb6 20. a4 a5 21. Rc2 e4 22. Bf4 Be5 23. Bxh6 Nf5 24. Be3
Nxe3 25. Qxe3 Nxd5 26. Qc1 Nb4 27. Rd2 Qf6 28. Nxe4 Qe7 29. Nc5 Rad8 30. Rxd8
Qxd8 31. Nxb7 Qd4 32. b3 Bd6 33. e3 Qb6 34. Nxd6 cxd6 35. Rd1 Re5 36. Qc8+ Kg7
37. Qc3 Kg8 38. h4 Rc5 39. Qf6 1-0

[Event "CRO U20 1 liga"]
[Site "Cakovec"]
[Date "2020.07.15"]
[Round "3.19"]
[White "Mijic, Karlo"]
[Black "Troselj, Ivan"]
[Result "0-1"]
[WhiteElo "1729"]
[BlackElo "1857"]
[PlyCount "78"]
[EventDate "2020.??.??"]
[WhiteClock "1:30:00"]
[BlackClock "1:30:00"]

{[%evp 0,78,18,37,75,63,63,48,110,64,59,80,80,88,121,109,113,53,111,44,38,34,
40,-24,-6,-51,-9,-43,-35,-68,-69,-20,-3,47,90,-42,68,73,73,56,54,61,67,79,88,
68,55,70,113,76,67,48,55,-41,-24,-93,-46,-50,-46,-47,22,-1,16,-22,13,-1,-3,2,
-12,-43,-144,-155,-155,-215,-188,-277,-716,-716,-29990,-29991,-29992]} 1. e4 c6
2. d4 d5 3. e5 c5 4. dxc5 e6 5. Be3 Nc6 6. Nf3 Qc7 7. Bb5 Bd7 8. Bxc6 Bxc6 9.
b4 a5 10. c3 Ne7 11. Qd2 Ng6 12. Bd4 Be7 13. O-O O-O 14. Qe3 axb4 15. cxb4 Ra4
16. a3 Rfa8 17. Bb2 Be8 18. Nc3 R4a6 19. Rae1 b6 20. cxb6 Rxb6 21. Rc1 Rc6 22.
Nd4 Rc4 23. f4 Qa7 24. Rfd1 Bd8 25. Nce2 Bb6 26. Kf1 Bb5 27. Rxc4 Bxc4 28. g3
Ne7 29. Qd2 Qa6 30. Kg2 h6 31. Nc1 Rc8 32. Ncb3 Bxb3 33. Nxb3 Nf5 34. Re1 Ne3+
35. Rxe3 Bxe3 36. Qxe3 Rc2+ 37. Kh3 Qf1+ 38. Kg4 Qd1+ 39. Qf3 h5+ 0-1

[Event "CRO U20 1 liga"]
[Site "Cakovec"]
[Date "2020.07.15"]
[Round "4.1"]
[White "Karlovcec, David"]
[Black "Levacic, Matej"]
[Result "1/2-1/2"]
[WhiteElo "1655"]
[BlackElo "2040"]
[PlyCount "46"]
[EventDate "2020.??.??"]
[WhiteClock "1:30:00"]
[BlackClock "1:30:00"]

{[%evp 0,46,58,31,75,63,63,48,83,69,63,69,55,1,16,44,-3,-19,-1,-22,-6,-62,-62,
-117,-29,-39,-20,-44,-76,-70,-70,-70,9,21,10,0,8,1,15,14,18,-1,2,-19,51,60,72,
75,90]} 1. e4 c6 2. d4 d5 3. e5 Bf5 4. Bd3 Bxd3 5. Qxd3 e6 6. f4 c5 7. Nf3 Nc6
8. c3 Nh6 9. Be3 Qb6 10. Qd2 Nf5 11. Bf2 h5 12. O-O Rc8 13. Na3 cxd4 14. Nxd4
Ncxd4 15. Bxd4 Qa6 16. Nc2 Be7 17. Bf2 O-O 18. Nd4 Nxd4 19. Bxd4 g6 20. Qe3 Qb5
21. b4 Kh7 22. Bxa7 Qa4 23. Bd4 Ra8 1/2-1/2

[Event "CRO U20 1 liga"]
[Site "Cakovec"]
[Date "2020.07.15"]
[Round "4.5"]
[White "Haidinger, Erik"]
[Black "Jambresic, Filip"]
[Result "0-1"]
[WhiteElo "1767"]
[BlackElo "2082"]
[PlyCount "130"]
[EventDate "2020.??.??"]
[WhiteClock "1:30:00"]
[BlackClock "1:30:00"]

{[%evp 0,130,15,15,15,26,17,17,94,39,54,24,52,34,49,12,16,32,25,21,34,-6,22,
-12,-14,-36,-30,-24,10,21,32,-14,0,0,-3,-72,-24,-58,-42,-80,-34,-71,-47,-64,
-62,-82,-59,-63,-65,-75,-90,-75,-98,-113,-124,-128,-56,-18,-14,-20,101,-39,-29,
-59,-32,-162,-168,-168,-163,-163,-163,-202,-209,-196,-80,-161,-114,-138,-80,
-89,-42,-24,-24,-70,-79,-109,-39,-46,-46,-127,-102,-200,-200,-200,-187,-200,
-189,-200,-189,-192,-209,-217,-184,-209,-201,-198,-158,-158,-350,-350,-327,
-327,-347,-347,-347,-456,-397,-489,-471,-518,-429,-429,-404,-424,-420,-482,
-476,-577,-571,-571,-681,-669,-669]} 1. d4 Nf6 2. Bf4 e6 3. Nf3 c5 4. e3 Nc6 5.
c3 d5 6. Nbd2 Bd6 7. Ne5 Qc7 8. Ndf3 O-O 9. Bd3 h6 10. Nxc6 bxc6 11. Ne5 Rb8
12. Rb1 c4 13. Bc2 Re8 14. Qf3 Nd7 15. Qg3 Bxe5 16. dxe5 Kf8 17. Qh4 Nxe5 18.
Qh5 f6 19. h4 Rb6 20. Qg6 Qf7 21. Bxe5 fxe5 22. Qg3 Qf6 23. O-O Ba6 24. e4 Qf4
25. Qg6 d4 26. g3 Qf6 27. Qh5 Qf7 28. Qxe5 d3 29. Bd1 Reb8 30. f4 Qf6 31. Qd6+
Qe7 32. Qe5 Rb5 33. Qd4 Rxb2 34. Rxb2 Rxb2 35. f5 e5 36. Qe3 Rb5 37. Kh2 Qc5
38. Qd2 Rb7 39. f6 Qd6 40. Bh5 Rc7 41. Rf5 Bc8 42. Rf2 Kg8 43. Qe3 Be6 44. Rb2
Bf7 45. Bxf7+ Rxf7 46. fxg7 Kxg7 47. Qd2 Qf6 48. Qd1 Qg6 49. Qe1 Qg4 50. Qe3
Qf3 51. Qe1 a5 52. a4 Rd7 53. Rf2 Qxf2+ 54. Qxf2 d2 55. Qf5 d1=Q 56. Qxe5+ Kf7
57. Qf5+ Ke8 58. Qe5+ Re7 59. Qb8+ Qd8 60. Qf4 Re6 61. Qg4 Qe7 62. Qg8+ Kd7 63.
Qa8 Rxe4 64. Qb7+ Kd6 65. Qb8+ Kc5 0-1

[Event "CRO U20 1 liga"]
[Site "Cakovec"]
[Date "2020.07.15"]
[Round "4.6"]
[White "Cigrovski, Jakov"]
[Black "Sundac, Ivano"]
[Result "1-0"]
[WhiteElo "2010"]
[BlackElo "1408"]
[PlyCount "67"]
[EventDate "2020.??.??"]
[WhiteClock "1:30:00"]
[BlackClock "1:30:00"]

{[%evp 0,67,15,-17,14,1,-15,-15,60,38,38,38,55,26,73,-5,-6,-1,-28,-60,-48,-67,
12,6,22,44,38,23,23,-34,-12,2,12,1,6,-17,41,32,54,17,63,24,37,45,55,52,62,56,
51,28,62,55,100,127,129,141,173,159,178,200,216,99,175,185,236,179,639,29990,
29991,29992]} 1. c4 e5 2. Nc3 Nc6 3. Nf3 g6 4. d4 exd4 5. Nxd4 Bg7 6. Nxc6 dxc6
7. Qb3 Nf6 8. Bg5 h6 9. Bh4 O-O 10. e3 b6 11. Be2 Bf5 12. e4 g5 13. exf5 gxh4
14. h3 Qd7 15. Qc2 Ne8 16. O-O Nd6 17. Bd3 Kh8 18. Rad1 Rg8 19. Qe2 Bf6 20. Qf3
Bxc3 21. bxc3 Rg5 22. Be4 Rag8 23. Qf4 Qe7 24. Bxc6 Nxf5 25. Kh1 Qf6 26. Qxc7
R5g6 27. Bf3 a5 28. Rd7 R6g7 29. Rb1 Qxc3 30. Rxf7 Rxf7 31. Qxf7 Qc2 32. Re1
Qxf2 33. Qf6+ Kh7 34. Qxf5+ 1-0

[Event "CRO U20 1 liga"]
[Site "Cakovec"]
[Date "2020.07.15"]
[Round "4.7"]
[White "Tomljanovic, Ivano"]
[Black "Mahecic, Lovre"]
[Result "0-1"]
[WhiteElo "1393"]
[BlackElo "1977"]
[PlyCount "80"]
[EventDate "2020.??.??"]
[WhiteClock "1:30:00"]
[BlackClock "1:30:00"]

{[%evp 0,80,15,8,52,9,42,15,43,5,5,24,58,41,62,34,34,15,12,4,18,-2,31,18,33,-7,
11,8,8,3,3,-8,22,8,31,17,23,-15,24,14,24,24,33,29,48,15,25,9,93,67,28,-34,15,
-9,-9,-20,-20,-50,-40,-40,-4,-1,12,-25,-3,-24,36,-40,-34,-71,-81,-83,-83,-205,
-316,-316,-316,-316,-316,-316,-337,-860,-924]} 1. e4 e5 2. Nf3 Nc6 3. Bc4 Bc5
4. O-O d6 5. d3 h6 6. Be3 Bb6 7. c3 Nf6 8. Nbd2 O-O 9. b4 Be6 10. a4 Ne7 11.
Bxe6 fxe6 12. Nb3 Ng6 13. Qd2 Ng4 14. h3 Nxe3 15. fxe3 a6 16. d4 Qe7 17. Rae1
c6 18. Kh1 Rac8 19. Qf2 Kh7 20. Qg3 Bc7 21. h4 exd4 22. exd4 Rf7 23. h5 Nh8 24.
Nh4 Rcf8 25. Rf3 Bd8 26. Ng6 Rxf3 27. gxf3 Nxg6 28. Qxg6+ Kh8 29. Kg2 Rf6 30.
Qg3 Qf7 31. Rh1 Rf4 32. c4 d5 33. cxd5 exd5 34. Nc5 dxe4 35. Nxe4 Qa2+ 36. Kh3
Rh4+ 37. Qxh4 Bxh4 38. Kxh4 Qxa4 39. Rb1 Qb5 40. Nd6 Qg5+ 0-1

[Event "CRO U20 1 liga"]
[Site "Cakovec"]
[Date "2020.07.15"]
[Round "4.9"]
[White "Sos, Fran"]
[Black "Cotic, Borna"]
[Result "1/2-1/2"]
[WhiteElo "2024"]
[BlackElo "2049"]
[PlyCount "53"]
[EventDate "2020.??.??"]
[WhiteClock "1:30:00"]
[BlackClock "1:30:00"]

{[%evp 0,53,15,-12,100,60,65,25,2,-23,28,28,28,33,33,-31,-32,-69,-45,-22,-11,
-4,38,-17,-17,-44,-29,-45,-11,-29,-43,-177,-113,-113,-64,-106,-106,-70,-9,-9,
-38,-110,-110,-115,-105,-103,-103,-103,-87,-87,-28,-41,-41,-41,-41,-46]} 1. e4
c5 2. d3 e6 3. f4 d5 4. Be2 dxe4 5. dxe4 Qxd1+ 6. Bxd1 Nc6 7. c3 Nf6 8. Bf3 e5
9. Na3 Bd6 10. Ne2 exf4 11. Nxf4 Ne5 12. O-O O-O 13. Rd1 Bb8 14. c4 Bg4 15. Kf2
Nxe4+ 16. Bxe4 Bxd1 17. Bxb7 Ng4+ 18. Kg3 Bxf4+ 19. Bxf4 Rad8 20. Bd5 Be2 21.
Re1 Rfe8 22. Rxe2 Rxe2 23. Kxg4 Rxb2 24. Be3 Rc8 25. Nb5 Rxa2 26. Nd6 Rc7 27.
Nb5 1/2-1/2

[Event "CRO U20 1 liga"]
[Site "Cakovec"]
[Date "2020.07.15"]
[Round "4.10"]
[White "Simunic, Krunoslav"]
[Black "Kanizaj, Benjamin"]
[Result "0-1"]
[WhiteElo "2047"]
[BlackElo "1983"]
[PlyCount "112"]
[EventDate "2020.??.??"]
[WhiteClock "1:29:00"]
[BlackClock "1:30:00"]

{[%evp 0,112,15,15,12,-32,44,20,21,40,26,31,17,19,26,3,37,44,61,55,55,-4,61,62,
62,50,70,66,95,46,51,39,27,27,129,-20,-7,-26,-10,24,33,163,116,116,155,89,234,
234,244,224,207,259,208,224,345,181,206,146,222,205,206,170,211,150,156,156,
176,179,181,181,225,143,151,147,168,158,158,150,152,146,187,187,184,139,173,
190,228,149,156,131,131,117,117,105,117,-366,-494,-494,-499,-499,-530,-530,
-538,-494,-513,-513,-513,-513,-485,-513,-513,-562,-370,-382,-378]} 1. d4 d5 2.
c4 c6 3. Nc3 Nf6 4. Nf3 e6 5. Bg5 Nbd7 6. e3 Qa5 7. Nd2 dxc4 8. Bxf6 Nxf6 9.
Nxc4 Qc7 10. Rc1 Be7 11. Bd3 O-O 12. O-O Rd8 13. Qf3 c5 14. Rfd1 Bd7 15. Ne5
cxd4 16. exd4 Rac8 17. g4 Bc6 18. Qf4 Bd6 19. Nb5 Nd5 20. Qf3 Qe7 21. Nxa7 Bxe5
22. dxe5 Nb4 23. Nxc8 Rxc8 24. Be4 Nxa2 25. Rc4 Nb4 26. Qa3 Qg5 27. Bxc6 Nxc6
28. Qe3 Qg6 29. Qd3 Qg5 30. Qe3 Qg6 31. b4 b5 32. Rf4 Qg5 33. Rc1 Qd8 34. Rc5
Ne7 35. Rxc8 Qxc8 36. Qc5 Qd7 37. Qd6 Qe8 38. Rf3 Nd5 39. Ra3 g6 40. Ra7 Qc8
41. Qc5 Qb8 42. Rd7 Qa8 43. Qxb5 Qa1+ 44. Kg2 Qxe5 45. Rd8+ Kg7 46. Qc5 Qe4+
47. Kg3 Qf4+ 48. Kg2 Qxg4+ 49. Kf1 Qd1+ 50. Kg2 Qg4+ 51. Kf1 Qd1+ 52. Kg2 Nf4+
53. Kg3 Nh5+ 54. Kg2 Qxd8 55. b5 Qd5+ 56. Qxd5 Nf4+ 0-1

[Event "CRO U20 1 liga"]
[Site "Cakovec"]
[Date "2020.07.15"]
[Round "4.11"]
[White "Borzan, Andrej"]
[Black "Baric, Marko"]
[Result "1-0"]
[WhiteElo "1983"]
[BlackElo "1831"]
[PlyCount "91"]
[EventDate "2020.??.??"]
[WhiteClock "1:30:00"]
[BlackClock "1:30:00"]

{[%evp 0,91,12,12,12,-36,-24,-14,14,4,61,25,66,5,19,9,5,-42,0,0,62,8,37,10,8,
-8,4,19,15,9,32,2,24,-30,18,29,23,27,22,22,62,33,49,51,51,51,86,49,47,22,7,34,
31,15,22,-1,5,6,6,5,28,28,28,0,32,18,18,27,53,43,73,75,82,90,90,89,119,90,110,
131,179,162,554,210,436,436,516,516,632,632,862,862,862,1023]} 1. d4 Nf6 2. c4
e6 3. Nf3 Bb4+ 4. Bd2 Qe7 5. Nc3 O-O 6. g3 d5 7. cxd5 exd5 8. Bg2 Bf5 9. O-O h6
10. Ne5 c6 11. Qb3 Na6 12. Rad1 Nd7 13. Nxd7 Qxd7 14. a3 Bxc3 15. bxc3 Rfe8 16.
e3 Rab8 17. c4 dxc4 18. Qxc4 Nc7 19. Rfe1 Be4 20. Bxe4 Rxe4 21. f3 Ree8 22. e4
Ne6 23. Be3 Rbc8 24. d5 cxd5 25. Rxd5 Qe7 26. Qb4 b6 27. Red1 Qxb4 28. axb4 Rc3
29. Kf2 Rc2+ 30. R1d2 Rec8 31. Rd7 Rxd2+ 32. Bxd2 Rc2 33. Ke3 Ra2 34. f4 a5 35.
f5 Ng5 36. h4 Nh3 37. Rd8+ Kh7 38. bxa5 bxa5 39. e5 a4 40. e6 Ra3+ 41. Ke2 fxe6
42. fxe6 Ng1+ 43. Kf2 Rf3+ 44. Kxg1 a3 45. e7 a2 46. Ra8 1-0

[Event "CRO U20 1 liga"]
[Site "Cakovec"]
[Date "2020.07.15"]
[Round "4.12"]
[White "Cecic-Sule, Dino"]
[Black "Colev, Ivor"]
[Result "1-0"]
[WhiteElo "1695"]
[BlackElo "1901"]
[PlyCount "95"]
[EventDate "2020.??.??"]
[WhiteClock "1:30:00"]
[BlackClock "1:30:00"]

{[%evp 0,95,12,12,107,-9,17,1,-37,-44,-9,-20,35,33,67,-68,-65,-65,-72,-42,-13,
-15,-4,-34,-19,2,9,9,42,6,30,-11,-12,-46,31,-3,15,-24,-33,-42,14,68,60,54,1,17,
8,8,-16,-41,-17,-9,-9,-33,-33,-35,-29,-37,15,-49,12,12,16,-46,81,45,75,41,72,
41,122,112,249,511,511,481,522,589,589,572,572,434,536,542,542,354,485,504,551,
504,666,765,780,29992,29993,29994,29997,29998]} 1. d4 f5 2. g4 fxg4 3. Bg5 d5
4. Nc3 Nf6 5. h3 g3 6. fxg3 Bf5 7. Bxf6 exf6 8. e3 Bb4 9. Bd3 Bxc3+ 10. bxc3
Be6 11. Qf3 Nd7 12. Ne2 Qe7 13. Nf4 O-O-O 14. Kd2 c6 15. a4 Bf7 16. Bf5 g5 17.
Nd3 Kb8 18. Bxd7 Rxd7 19. Nc5 Rd6 20. Rhb1 b6 21. a5 b5 22. a6 Bg6 23. g4 h5
24. Qg3 Ka8 25. Nb7 Rd7 26. Nc5 Rdd8 27. Rh1 Rh7 28. h4 Rdh8 29. hxg5 fxg5 30.
gxh5 Bxh5 31. Nd3 Rh6 32. Ne5 g4 33. Raf1 Qd6 34. Qf4 Qe6 35. Qf8+ Be8 36. Qxh8
Rxh8 37. Rxh8 Kb8 38. Rff8 Kc7 39. Rxe8 Qf5 40. Rc8+ Kb6 41. Rxc6+ Ka5 42. Rh1
Qf2+ 43. Kc1 Qg2 44. Re1 b4 45. Kb2 Kb5 46. Ra1 bxc3+ 47. Kxc3 Qe2 48. Rc5+ 1-0

[Event "CRO U20 1 liga"]
[Site "Cakovec"]
[Date "2020.07.15"]
[Round "4.13"]
[White "Alfirevic, Duje"]
[Black "Topalic, Fran"]
[Result "1-0"]
[WhiteElo "1994"]
[BlackElo "1741"]
[PlyCount "65"]
[EventDate "2020.??.??"]
[WhiteClock "1:30:00"]
[BlackClock "1:30:00"]

{[%evp 0,65,12,16,43,43,16,15,28,47,17,-34,52,19,23,-8,12,20,1,-30,1,-43,36,36,
36,0,51,-12,19,-9,-9,38,38,55,35,32,32,32,63,62,85,33,58,79,79,56,115,107,107,
115,109,111,101,93,87,87,119,121,187,204,338,352,303,333,341,340,368,358]} 1.
e4 e5 2. Nf3 Nc6 3. Bc4 Bc5 4. c3 Nf6 5. d3 h6 6. O-O d6 7. a4 a6 8. Nbd2 O-O
9. Re1 Re8 10. Nf1 d5 11. exd5 Nxd5 12. Ng3 Nf6 13. h3 e4 14. dxe4 Qxd1 15.
Rxd1 Nxe4 16. Nxe4 Rxe4 17. Bd3 Re7 18. Bf4 Be6 19. b4 Bb6 20. a5 Ba7 21. b5
axb5 22. Bxb5 Nd8 23. a6 bxa6 24. Rxa6 c6 25. Bf1 Bb3 26. Rda1 Ne6 27. Be3 c5
28. Nd2 Bc2 29. Bc4 Kh7 30. Bd5 Rd8 31. Bxe6 Rxe6 32. Rxe6 fxe6 33. Rxa7 1-0